| 000 | 01515cam a2200373Mi 4500 | ||
|---|---|---|---|
| 001 | on1119083981 | ||
| 003 | TZ-ArACH | ||
| 005 | 20210614153832.0 | ||
| 006 | m o d | ||
| 007 | cr cnu|||||||| | ||
| 008 | 190112s2018 be o 000 0 fre d | ||
| 020 | _a9782802761716 | ||
| 020 | _a2802761714 | ||
| 020 |
_a9782802762096 _q(e-book) |
||
| 020 | _a2802762095 | ||
| 035 | _a(OCoLC)1119083981 | ||
| 040 |
_aLOA _beng _erda _epn _cTZ-ArACH _dOCLCF _dOCLCO |
||
| 049 | _aTZAA | ||
| 050 | 4 |
_aJN30 _b.H36 2018 |
|
| 100 | 1 |
_aHamonic, Anne, _eauthor. |
|
| 245 | 1 | 4 |
_aRelations entre l'Union europeenne et l'ONU dans le domaine de la gestion des crises / _cAnne Hamonic. |
| 260 |
_aBruxelles ; _bBruylant, _c2018. |
||
| 300 |
_a877 pages _c24 cm |
||
| 500 | _aRestrictions on access to electronic version: access available to SOAS staff and students only, using SOAS id and password. | ||
| 610 | 2 | 0 | _aEuropean Union. |
| 610 | 2 | 7 |
_aEuropean Union. _2fast |
| 610 | 2 | 7 | _aNorth Atlantic Treaty Organization (NATO) |
| 650 | _aPeacekeeping forces. | ||
| 650 | _aResponsibility to protect (International law) | ||
| 650 | _aIntervention (International law) | ||
| 776 | 0 | 8 |
_iPrint version: _aHamonic, Anne. _tRelations entre l'Union europeenne et l'ONU dans le domaine de la gestion des crises _dBruxelles : Bruylant, 2018 _h877 pages _z9782802761716 |
| 856 | 4 | 0 |
_uhttps://ebookcentral.proquest.com/lib/soas-ebooks/detail.action?docID=5382600 _zConnect to electronic book via Ebook Central. |
| 942 |
_2lcc _cBOOK |
||
| 999 |
_c6287 _d6287 |
||